[Event "AUTO-ADV-2913"]
[Site "http://www.queenalice.com/game.php?id=1219053"]
[Date "2013.9.23"]
[Round "2"]
[White "Espechess"]
[Black "OvercoME"]
[Result "0-1"]
[WhiteElo "1979"]
[BlackElo "2101"]

1. e4 c5 2. Nf3 g6 3. c3 Bg7 4. d4 cxd4 5. cxd4 a6 6. Bc4 Nc6 7. Be3 b5 8. Bb3
Nf6 9. Nc3 b4 10. e5 Ng4 11. Ne4 Nxe3 12. fxe3 O-O 13. O-O d6 14. exd6 exd6 15.
Bd5 Bb7 16. Nfg5 Na5 17. Bxf7+ Kh8 18. Ne6 Qe7 19. Nxf8 Rxf8 20. Nxd6 Qxd6 21.
d5 Nc4 22. Qf3 Nd2 23. Qe2 Nxf1 24. Rxf1 Bxd5 25. Bxd5 Qxd5 26. Rxf8+ Bxf8 27.
Qxa6 Qd1+ 28. Kf2 Qc2+ 29. Kf3 Qxb2 30. Qc4 h5 31. Qf7 Qg7 32. Qe8 Kh7 33. Qe4
Qf6+ 34. Ke2 Qb2+ 35. Kf3 Qxa2 36. Qb7+ Kg8 37. Qe4 Qf7+ 38. Ke2 Kh7 39. h3 Qa2+
40. Kf3 b3 41. Qb7+ Bg7 0-1

[Event "AUTO-INT-2676"]
[Site "http://www.queenalice.com/game.php?id=1221667"]
[Date "2013.10.2"]
[Round "2"]
[White "altair"]
[Black "OvercoME"]
[Result "0-1"]
[WhiteElo "1724"]
[BlackElo "2151"]

1. e4 c5 2. c4 g6 3. Nc3 Bg7 4. h3 Nc6 5. d3 d6 6. Nf3 Bd7 7. Be2 Nf6 8. O-O O-O
9. a3 a6 10. Rb1 e6 11. Bf4 Qe7 12. b4 b6 13. bxc5 bxc5 14. d4 cxd4 15. Nxd4
Nxd4 16. Qxd4 e5 17. Qe3 exf4 18. Qxf4 Be6 19. Bd3 Nh5 20. Qe3 Bxc3 21. Be2 Bg7
22. f4 Qh4 23. f5 Bd7 24. fxg6 hxg6 25. Rbd1 Qg3 26. Rf3 Qe5 27. c5 Ba4 28. Rxd6
Qa1+ 29. Rf1 Qb2 30. Bxa6 Bc6 31. Bc4 Rxa3 32. Qg5 Bxe4 33. Bxf7+ Rxf7 34. Qd8+
Bf8 35. Rxg6+ Bxg6 36. Rxf7 Bxf7 37. Qg5+ Ng7 38. h4 Ra1+ 39. Kh2 Qb8+ 40. g3
Ra2+ 41. Kh3 Be6+ 0-1

[Event "AUTO-INT-2676"]
[Site "http://www.queenalice.com/game.php?id=1221668"]
[Date "2013.10.2"]
[Round "2"]
[White "OvercoME"]
[Black "altair"]
[Result "1-0"]
[WhiteElo "2150"]
[BlackElo "1722"]

1. d4 d5 2. Bg5 f6 3. Bh4 Nc6 4. e3 e5 5. Bb5 Bd7 6. Bxc6 Bxc6 7. dxe5 g5 8.
Qh5+ Kd7 9. Bg3 Qe7 10. Nc3 fxe5 11. O-O-O Rd8 12. Qg4+ Qe6 13. Qxg5 Re8 14. Nf3
Bd6 15. Qg7+ Ne7 16. Nxe5+ Bxe5 17. Qxe5 Qd6 18. Qxh8 Rxh8 19. Bxd6 Kxd6 20. e4
Rg8 21. exd5 Bxd5 22. Nxd5 Nxd5 23. c4 Rxg2 24. Rxd5+ Kc6 25. f4 b6 26. f5 Rf2
27. h4 b5 28. Rxb5 a6 29. Rd5 h5 30. f6 Rxf6 31. Rxh5 Kb6 32. Rh8 Kc5 33. b3 Kd4
34. h5 Rf2 35. h6 Kc3 36. Kb1 Rb2+ 37. Ka1 a5 38. Rh3+ Kc2 39. Rh2+ Kc3 40. Rxb2
1-0

[Event "AUTO-INT-2676"]
[Site "http://www.queenalice.com/game.php?id=1221671"]
[Date "2013.10.2"]
[Round "2"]
[White "OvercoME"]
[Black "Justiceseeker"]
[Result "1-0"]
[WhiteElo "2117"]
[BlackElo "1844"]

1. d4 d5 2. Bg5 c5 3. e3 Nf6 4. f4 e6 5. Nf3 Nc6 6. Bb5 Bd7 7. O-O g6 8. c3 b6
9. Ne5 Rc8 10. Bxf6 Qxf6 11. Nxd7 Kxd7 12. Nd2 c4 13. e4 Kd8 14. exd5 exd5 15.
Qf3 Ne7 16. Rae1 Qd6 17. Re2 Bh6 18. g3 Ra8 19. Nxc4 Qf6 20. Ne5 a6 21. Ng4 Qg7
22. Rfe1 Ra7 23. Rxe7 Rxe7 24. Qxd5+ 1-0

[Event "AUTO-INT-2676"]
[Site "http://www.queenalice.com/game.php?id=1221672"]
[Date "2013.10.2"]
[Round "2"]
[White "Justiceseeker"]
[Black "OvercoME"]
[Result "0-1"]
[WhiteElo "1839"]
[BlackElo "2121"]

1. e4 e6 2. e5 b6 3. Nf3 Bb7 4. Nc3 Be7 5. d4 d6 6. Be2 Nd7 7. O-O dxe5 8. Nxe5
Ngf6 9. f4 O-O 10. f5 Nxe5 11. dxe5 Bc5+ 12. Kh1 Qxd1 13. Bxd1 Nd5 14. Nxd5 Bxd5
15. f6 g6 16. Bf3 c6 17. b3 Bd4 18. Rb1 Bxe5 19. Bxd5 cxd5 20. g4 Rfc8 21. Rf2
Rc6 22. Bb2 Bd6 23. Rc1 Rac8 24. Kg2 Bc5 25. Re2 Bf8 26. g5 h6 27. h4 h5 28. Kf3
Bd6 29. Bd4 Ba3 0-1

[Event "AUTO-INT-2678"]
[Site "http://www.queenalice.com/game.php?id=1224374"]
[Date "2013.10.13"]
[Round "2"]
[White "ChessColossos"]
[Black "OvercoME"]
[Result "0-1"]
[WhiteElo "1740"]
[BlackElo "2128"]

1. e4 b6 2. d4 e6 3. Nf3 Bb7 4. Bd3 Be7 5. Nc3 d6 6. O-O Nd7 7. Re1 a6 8. a4
Ngf6 9. Bf4 O-O 10. e5 dxe5 11. dxe5 Nd5 12. Nxd5 Bxd5 13. c4 Bb7 14. b3 Nc5 15.
Bc2 Qxd1 16. Bxd1 Nd3 17. Bg3 Nxe1 18. Nxe1 Rad8 19. Nc2 Bg5 20. f4 Be7 21. Bg4
Rd2 22. Ne3 Bc5 23. Bf2 Rfd8 24. Rd1 Rxd1+ 0-1

[Event "AUTO-INT-2678"]
[Site "http://www.queenalice.com/game.php?id=1224375"]
[Date "2013.10.13"]
[Round "2"]
[White "OvercoME"]
[Black "ChessColossos"]
[Result "1-0"]
[WhiteElo "2127"]
[BlackElo "1758"]

1. d4 d5 2. Bg5 Nc6 3. e3 f6 4. Bh4 g5 5. Qh5+ Kd7 6. Bg3 Nb4 7. Bd3 Nxd3+ 8.
cxd3 c6 9. a3 e6 10. Nf3 Bd6 11. Bxd6 Kxd6 12. Nc3 Bd7 13. e4 dxe4 14. dxe4 Kc7
15. O-O Be8 16. Qg4 Bf7 17. Rac1 Rc8 18. e5 h5 19. Qe4 f5 20. Qc2 g4 21. Nd2
Qxd4 22. Nb5+ 1-0

[Event "AUTO-INT-2678"]
[Site "http://www.queenalice.com/game.php?id=1224378"]
[Date "2013.10.13"]
[Round "2"]
[White "bdpq"]
[Black "OvercoME"]
[Result "0-1"]
[WhiteElo "1668"]
[BlackElo "2136"]

1. e4 c5 2. d4 cxd4 3. Qxd4 Nc6 4. Qd1 g6 5. Nc3 Bg7 6. Bd2 a6 7. Qf3 e6 8. Nh3
Nd4 9. Qd1 Ne7 10. Be3 Ndc6 11. Bd3 d5 12. exd5 Nxd5 13. Nxd5 Qxd5 14. Nf4 Qd8
15. O-O Bxb2 16. Rb1 Bg7 17. Be4 Qxd1 18. Rfxd1 O-O 19. Bxc6 bxc6 20. Rd6 e5 21.
Ne2 Be6 22. Rxc6 Bxa2 23. Ra1 Rfd8 24. g3 Bd5 25. Rcxa6 Rxa6 26. Rxa6 Bc4 27.
Ra1 Bxe2 28. Bb6 Rd1+ 0-1

[Event "AUTO-INT-2678"]
[Site "http://www.queenalice.com/game.php?id=1224379"]
[Date "2013.10.13"]
[Round "2"]
[White "OvercoME"]
[Black "bdpq"]
[Result "1-0"]
[WhiteElo "2139"]
[BlackElo "1665"]

1. d4 d5 2. Bg5 h6 3. Bh4 Nc6 4. e3 Be6 5. f4 Nf6 6. Nf3 Ng4 7. Qc1 Bf5 8. c3
Qd7 9. h3 Nf6 10. Bb5 a6 11. Ne5 Qd6 12. Bxc6+ bxc6 13. Nd2 c5 14. Qd1 cxd4 15.
cxd4 Nd7 16. Nxd7 Bxd7 17. O-O c5 18. Nf3 e6 19. Rc1 Be7 20. Bxe7 Qxe7 21. Rxc5
Bb5 22. Re1 O-O 23. Qc2 Bd7 24. Ne5 Qh4 25. Rc1 Bb5 26. Rc7 Qg3 27. Qf2 Qxf2+
28. Kxf2 Rab8 29. b3 f6 30. Nd7 Bxd7 31. Rxd7 Rbc8 32. Rcc7 Rxc7 33. Rxc7 Rf7
34. Rc6 a5 35. Rxe6 Rc7 36. Kf3 Rc2 37. a4 Rc3 38. Rb6 Rc1 39. Rb5 Rf1+ 40. Ke2
Rg1 41. Kf2 Rc1 42. Rxd5 Rc2+ 43. Kf3 g5 44. Rxa5 Rc3 45. b4 Rc1 46. fxg5 hxg5
47. Ra8+ Kf7 48. b5 Rf1+ 49. Ke2 Rg1 50. Kf2 Ra1 51. b6 Ra2+ 52. Kf3 1-0

[Event "AUTO-ADV-2912"]
[Site "http://www.queenalice.com/game.php?id=1226717"]
[Date "2013.10.23"]
[Round "2"]
[White "Pagano"]
[Black "OvercoME"]
[Result "0-1"]
[WhiteElo "2126"]
[BlackElo "2129"]

1. c4 Nc6 2. Nc3 e5 3. g3 Bc5 4. Bg2 Nf6 5. e3 O-O 6. Nge2 Ne7 7. d4 exd4 8.
exd4 Bb4 9. O-O c6 10. Bg5 Ne8 11. a3 Ba5 12. d5 f6 13. Bf4 Ng6 14. dxc6 dxc6
15. b4 Nxf4 16. Nxf4 Qxd1 17. Raxd1 Bc7 18. Nd3 Be6 19. c5 Rd8 20. Rfe1 Bc4 21.
Nb2 Rxd1 22. Rxd1 Be6 23. f4 Rf7 24. Re1 Re7 25. Nc4 Bd8 26. Bf1 Bc8 27. Rxe7
Bxe7 28. Kf2 g5 29. Ke3 Bf5 30. Na5 Bc8 31. Bc4+ Kg7 32. Nb3 g4 33. Nd4 Kg6 34.
Bd3+ f5 35. a4 h5 36. Bc4 h4 37. Na2 Ng7 38. Nc1 hxg3 39. hxg3 a5 40. bxa5 Bxc5
41. Nd3 Ba7 42. Ne5+ Kf6 43. Kd3 Nh5 44. a6 Nxg3 45. axb7 Bxb7 46. Ndxc6 Bg1 47.
a5 Nh5 48. Ke2 Nxf4+ 49. Kf1 Be3 50. a6 Ba8 51. Bb5 g3 52. Nf3 g2+ 53. Ke1 g1=Q+
54. Nxg1 Bxg1 55. Nb4 Ne6 56. Nc2 Bc5 57. Kf1 Nd4 58. Nxd4 Bxd4 59. Bd3 Ke5 60.
Be2 Kf4 61. Ke1 Ke3 62. Bf1 Bf3 63. Bc4 f4 64. Kf1 Be4 65. Bb3 Bd3+ 66. Kg2 f3+
0-1

[Event "AUTO-ADV-2912"]
[Site "http://www.queenalice.com/game.php?id=1226718"]
[Date "2013.10.23"]
[Round "2"]
[White "OvercoME"]
[Black "Pagano"]
[Result "0-1"]
[WhiteElo "2140"]
[BlackElo "2118"]

1. e4 c6 2. Bc4 d5 3. exd5 cxd5 4. Bb3 Nf6 5. d4 Nc6 6. Nf3 Bg4 7. c3 e5 8. dxe5
Nxe5 9. Nbd2 Nd3+ 10. Kf1 Be7 11. Ba4+ Kf8 12. Qe2 Qa5 13. Bc2 Nf4 14. Qd1 Qb5+
15. Kg1 Ne2+ 16. Kf1 Nxc3+ 0-1

[Event "AUTO-ADV-2912"]
[Site "http://www.queenalice.com/game.php?id=1226723"]
[Date "2013.10.23"]
[Round "2"]
[White "OvercoME"]
[Black "luizantoniosetti"]
[Result "0-1"]
[WhiteElo "2104"]
[BlackElo "1998"]

1. d4 Nf6 2. Bg5 Ne4 3. Bh4 c5 4. f3 g5 5. fxe4 gxh4 6. e3 Bh6 7. Qd3 e6 8. Nf3
Nc6 9. Nbd2 cxd4 10. exd4 Qa5 11. c3 d5 12. exd5 exd5 13. Nxh4 O-O 14. Be2 Re8
15. O-O Re3 16. Qb5 Qd8 17. Ndf3 a6 18. Qb3 Rxe2 19. Rad1 Na5 20. Qb4 Bf8 21.
Qa4 Bd7 22. Qxd7 Qxd7 23. Ne5 Rxe5 24. dxe5 Bc5+ 25. Kh1 Nc4 26. Nf5 Ne3 27.
Nxe3 Bxe3 28. Rf3 Bb6 29. c4 d4 30. Rf6 Ba7 31. Rdf1 d3 32. Rd6 Qxd6 33. exd6
Rd8 34. Rd1 Rxd6 35. g3 Kg7 36. Kg2 Be3 37. Kf3 Bh6 38. h4 f5 39. g4 fxg4+ 40.
Kxg4 Kg6 41. b3 d2 42. h5+ Kf6 43. Rf1+ Ke7 44. Rd1 Re6 45. Kf3 Re1 0-1

[Event "AUTO-ADV-2912"]
[Site "http://www.queenalice.com/game.php?id=1226724"]
[Date "2013.10.23"]
[Round "2"]
[White "luizantoniosetti"]
[Black "OvercoME"]
[Result "1-0"]
[WhiteElo "1929"]
[BlackElo "2122"]

1. e4 c5 2. Nf3 g6 3. d4 cxd4 4. Nxd4 Bg7 5. c4 Nf6 6. Nc3 Nc6 7. Be3 e6 8. Be2
O-O 9. O-O Ne7 10. e5 Ne8 11. f4 Nc7 12. Ne4 f6 13. exf6 Bxf6 14. Nxf6+ Rxf6 15.
Bf3 Ne8 16. Qd3 Nf5 17. Nxf5 Rxf5 18. Bg4 Rf7 19. Bxe6 Nf6 20. Bxf7+ Kxf7 21.
Bd4 b6 22. Bxf6 Qxf6 23. Qd5+ 1-0

[Event "AUTO-ADV-2912"]
[Site "http://www.queenalice.com/game.php?id=1226725"]
[Date "2013.10.23"]
[Round "2"]
[White "OvercoME"]
[Black "Luc_2010"]
[Result "0-1"]
[WhiteElo "2085"]
[BlackElo "2262"]

1. d4 g6 2. Bg5 Bg7 3. f4 d6 4. Nf3 Nf6 5. e3 O-O 6. Bc4 d5 7. Bd3 Ne4 8. Bh4 c5
9. c3 Nc6 10. O-O Qb6 11. Qc2 Bf5 12. Nbd2 cxd4 13. exd4 Bxd4+ 14. cxd4 Nb4 15.
Qd1 Nxd3 16. Nxe4 dxe4 17. Ne5 Qxb2 18. Nxd3 exd3 19. Bxe7 Qxd4+ 20. Kh1 Rfe8
21. Bg5 Rac8 22. Qb3 Re2 23. Rad1 Be4 24. Rg1 Qf2 0-1

[Event "AUTO-ADV-2912"]
[Site "http://www.queenalice.com/game.php?id=1226726"]
[Date "2013.10.23"]
[Round "2"]
[White "Luc_2010"]
[Black "OvercoME"]
[Result "1-0"]
[WhiteElo "2284"]
[BlackElo "2076"]

1. h3 Nc6 2. d4 e5 3. d5 Nce7 4. Nc3 Ng6 5. a3 Bc5 6. Nf3 d6 7. Bg5 Nf6 8. e3
O-O 9. Ne4 Bb6 10. h4 Bf5 11. Nfd2 h6 12. Nxf6+ gxf6 13. Bxh6 Re8 14. g4 Bd7 15.
Ne4 f5 16. Bg5 Qc8 17. Nf6+ Kg7 18. gxf5 Bxf5 19. h5 Rh8 20. e4 Bd7 21. h6+ Kf8
22. h7 c6 23. Qh5 cxd5 24. Qh6+ Ke7 25. Nh5+ Ke8 26. Ng7+ Kf8 27. Nf5+ 1-0

[Event "AUTO-INT-2674"]
[Site "http://www.queenalice.com/game.php?id=1229277"]
[Date "2013.11.2"]
[Round "3"]
[White "Cuyo"]
[Black "OvercoME"]
[Result "1-0"]
[WhiteElo "2090"]
[BlackElo "2068"]

1. f4 Nc6 2. e3 e5 3. fxe5 Nxe5 4. d4 Ng6 5. Bd3 Nf6 6. Nf3 d5 7. h3 Bd6 8. O-O
O-O 9. c4 Be6 10. c5 Be7 11. Nc3 c6 12. b4 Nh5 13. Ne2 Nh4 14. Qc2 Nxf3+ 15.
Rxf3 Nf6 16. Ng3 g6 17. Bd2 Re8 18. Raf1 Nd7 19. e4 Bf8 20. a4 Bg7 21. Ne2 dxe4
22. Bxe4 Nf6 23. Bg5 Bb3 24. Qxb3 Rxe4 25. Bxf6 Bxf6 26. Rxf6 Rxe2 27. Rxf7
Qxd4+ 28. Kh1 Qd5 29. Qxd5 cxd5 30. Rxb7 Rf8 31. Rxf8+ Kxf8 32. c6 Re1+ 33. Kh2
Ke8 34. Rxa7 Kd8 35. Rd7+ Kc8 36. b5 Rb1 37. Kg3 Rb3+ 38. Kf4 Rb4+ 39. Ke5 Rxa4
40. Kxd5 Rb4 41. Kc5 Rb2 42. g4 h5 43. Kb6 hxg4 44. Rd3 gxh3 45. c7 Rxb5+ 46.
Kxb5 Kxc7 47. Rxh3 1-0

[Event "AUTO-INT-2674"]
[Site "http://www.queenalice.com/game.php?id=1229278"]
[Date "2013.11.2"]
[Round "3"]
[White "OvercoME"]
[Black "Cuyo"]
[Result "1/2-1/2"]
[WhiteElo "2053"]
[BlackElo "2081"]

1. d4 f5 2. Bg5 g6 3. f4 Bg7 4. Nf3 Nf6 5. e3 b6 6. Bc4 Bb7 7. Nc3 d5 8. Be2 Ng4
9. Qd2 Ba6 10. O-O-O Bxe2 11. Qxe2 c6 12. h3 Nf6 13. Ne5 Qd6 14. g4 b5 15. a3 a5
16. Bxf6 Bxf6 17. gxf5 Bxe5 18. fxe5 Qc7 19. fxg6 hxg6 20. e4 b4 21. axb4 axb4
22. Nb1 Nd7 23. exd5 cxd5 24. Qb5 Rc8 25. c3 bxc3 26. Nxc3 Qc4 27. Qa5 g5 28.
Kd2 Qxd4+ 29. Kc1 Qe3+ 30. Kb1 d4 31. Qb5 Rh6 32. Qd5 Rxc3 33. Rxd4 Rc7 34. Qa8+
Kf7 35. Rf1+ Nf6 36. Qd5+ Kg7 37. exf6+ exf6 38. Re4 Qxh3 39. Rfe1 Kg6 40. Qg8+
Rg7 41. Qe8+ Kh7 42. Qb5 Kg6 43. Qd5 Rd7 44. Qb5 Rg7 45. Qe8+ Kh7 46. Re7 Qd3+
47. Ka2 Qc4+ 48. Ka1 Qa6+ 49. Kb1 Qd3+ 50. Kc1 Qc4+ 51. Kd1 Qb3+ 52. Kc1 Qc4+
53. Kd2 Qd4+ 54. Kc1 1/2-1/2

[Event "AUTO-MASTER-1928"]
[Site "http://www.queenalice.com/game.php?id=1233675"]
[Date "2013.11.20"]
[Round "2"]
[White "artegasparphb"]
[Black "OvercoME"]
[Result "1-0"]
[WhiteElo "2032"]
[BlackElo "2137"]

1. d4 Nc6 2. e4 e5 3. dxe5 Nxe5 4. Nc3 Nf6 5. Bg5 Bc5 6. f4 Neg4 7. Nh3 O-O 8.
e5 Ne3 9. Qd3 Re8 10. Kd2 h6 11. Bh4 Nxf1+ 12. Rhxf1 Ne4+ 13. Nxe4 Bb4+ 14. c3
Bxc3+ 15. Kxc3 Qxh4 16. Qg3 Qxg3+ 17. Nxg3 b5 18. Ng1 a5 19. Nf3 Ba6 20. Rg1 d6
21. Rae1 d5 22. Nd4 c5 23. Ndf5 b4+ 24. Kd2 a4 25. Nd6 Red8 26. Ngf5 h5 27. g4
hxg4 28. Rxg4 g6 29. Nh6+ Kg7 30. Nhxf7 Rd7 31. Reg1 Rxf7 32. Rxg6+ 1-0

[Event "AUTO-MASTER-1928"]
[Site "http://www.queenalice.com/game.php?id=1233676"]
[Date "2013.11.20"]
[Round "2"]
[White "OvercoME"]
[Black "artegasparphb"]
[Result "0-1"]
[WhiteElo "2152"]
[BlackElo "2039"]

1. e4 d5 2. e5 Nc6 3. Nf3 Bg4 4. d4 e6 5. c3 Nh6 6. Bd3 Nf5 7. Nbd2 Nh4 8. O-O
Qd7 9. h3 Nxf3+ 10. Nxf3 Bh5 11. Bg5 h6 12. Be3 Be7 13. b4 a6 14. a4 O-O 15. Qe2
f6 16. g4 Bf7 17. Bc2 f5 18. g5 Bh5 19. h4 Qe8 20. Kg2 Qg6 21. Qd2 Bxf3+ 22.
Kxf3 Qh5+ 23. Kg3 Qg4+ 24. Kh2 Qxh4+ 25. Kg2 Qg4+ 26. Kh2 f4 27. gxh6 Qh4+ 28.
Kg2 Qxh6 29. Bxf4 Rxf4 30. Qd3 Qg5+ 0-1

[Event "AUTO-MASTER-1928"]
[Site "http://www.queenalice.com/game.php?id=1233681"]
[Date "2013.11.20"]
[Round "2"]
[White "OvercoME"]
[Black "FabioDavid"]
[Result "0-1"]
[WhiteElo "2141"]
[BlackElo "2472"]

1. d4 Nf6 2. Bg5 Ne4 3. Bh4 g5 4. Bg3 Bg7 5. f3 Nxg3 6. hxg3 c5 7. Qd3 Qb6 8.
Rxh7 Rxh7 9. Qxh7 Qxb2 10. Qxg7 d6 11. Qxg5 Qxa1 12. Qc1 Be6 13. dxc5 Bxa2 14.
cxd6 Qxb1 15. Qxb1 Bxb1 16. dxe7 Bxc2 17. e4 a5 18. Kd2 Bb3 19. Kc3 a4 20. Kb2
a3+ 21. Ka1 Nc6 0-1

[Event "AUTO-MASTER-1928"]
[Site "http://www.queenalice.com/game.php?id=1233682"]
[Date "2013.11.20"]
[Round "2"]
[White "FabioDavid"]
[Black "OvercoME"]
[Result "1/2-1/2"]
[WhiteElo "2507"]
[BlackElo "2139"]

1. e4 e6 2. d4 b6 3. Nf3 Bb7 4. Bd3 Nf6 5. e5 Nd5 6. O-O c5 7. dxc5 Bxc5 8. Qe2
Nc6 9. c4 Ndb4 10. Be4 Qc7 11. a3 Na6 12. b4 Nd4 13. Qd3 Nxf3+ 14. Qxf3 Bxe4 15.
Qxe4 Bxf2+ 16. Rxf2 Rc8 17. Nd2 d6 18. exd6 Qxd6 19. Qb7 O-O 20. Qxa6 Qe5 21.
Rb1 Qe1+ 22. Nf1 Qe4 23. Nd2 Qe1+ 24. Nf1 Qe4 25. Nd2 Qe1+ 1/2-1/2